| 000 | 00623nam a22002053a 4500 | ||
|---|---|---|---|
| 005 | 20240925064317.0 | ||
| 008 | 010424s1998 mx r 000 0 spa d | ||
| 020 | _a9682457238 | ||
| 035 | _aUPN01000105817 | ||
| 049 | _aCG | ||
| 050 | 4 |
_aLB1140.3 _bA4.28 |
|
| 245 | 0 | 0 |
_aAmbientes para el aprendizaje activo : _bcompendio de lecturas / _ccomp. Roberto Barocio ; tr. Leticia Ortiz. |
| 260 |
_aMéxico : _bTrillas, _c1998. |
||
| 300 | _a62 p. | ||
| 650 | 4 |
_aEducación preescolar _91517 |
|
| 650 | 4 |
_aNiño, Estudio del _9221 |
|
| 700 | 1 |
_aBarocio Quijano, Roberto, _ecomp. _932241 |
|
| 905 | _aLibro | ||
| 999 |
_c79730 _d79730 |
||